Visa-free access for United States passport holders - Statistics

General Stats
  • This quiz has been taken 143 times
  • The average score is 117 of 155
Answer Stats
Countries % Correct
Australia
91%
Japan
90%
New Zealand
90%
Mexico
88%
Canada
87%
France
86%
Indonesia
86%
South Korea
86%
United Kingdom
86%
Israel
85%
Malaysia
85%
Thailand
85%
Laos
84%
Denmark
83%
Germany
83%
Iceland
83%
Ireland
83%
Italy
83%
Belgium
82%
Dominican Republic
82%
Fiji
82%
Greece
82%
Netherlands
82%
Norway
82%
Panama
82%
Portugal
82%
Albania
81%
Andorra
81%
Belize
81%
Cambodia
81%
Finland
81%
Morocco
81%
Romania
81%
Singapore
81%
Spain
81%
Sweden
81%
Austria
80%
Egypt
80%
Estonia
80%
Honduras
80%
Lithuania
80%
Nepal
80%
Oman
80%
Poland
80%
Slovakia
80%
Slovenia
80%
South Africa
80%
Turkey
80%
Tuvalu
80%
Brunei
79%
Chile
79%
Croatia
79%
Czech Republic
79%
East Timor
79%
Jordan
79%
Malta
79%
Palau
79%
Peru
79%
Philippines
79%
Ukraine
79%
United Arab Emirates
79%
Argentina
78%
Bahamas
78%
Bulgaria
78%
Colombia
78%
Costa Rica
78%
Dominica
78%
Federated States of Micronesia
78%
Guatemala
78%
Latvia
78%
Nicaragua
78%
Qatar
78%
Serbia
78%
Vatican City
78%
Cyprus
77%
El Salvador
77%
Guyana
77%
Haiti
77%
Hungary
77%
Kazakhstan
77%
Kenya
77%
Maldives
77%
Papua New Guinea
77%
Solomon Islands
77%
Switzerland
77%
Tunisia
77%
Vanuatu
77%
Bosnia and Herzegovina
76%
Ecuador
76%
Georgia
76%
Jamaica
76%
San Marino
76%
Seychelles
76%
Sri Lanka
76%
Taiwan
76%
Antigua and Barbuda
74%
Armenia
74%
Bahrain
74%
Botswana
74%
Kiribati
74%
Moldova
74%
Monaco
74%
Suriname
74%
Uruguay
74%
Belarus
73%
Ethiopia
73%
Kuwait
73%
Lebanon
73%
Liechtenstein
73%
Mongolia
73%
Paraguay
73%
Saint Kitts and Nevis
73%
Samoa
73%
Tonga
73%
Trinidad and Tobago
73%
Barbados
72%
Luxembourg
72%
Mauritius
72%
Montenegro
72%
Saint Vincent and the Grenadines
72%
Bangladesh
71%
Bolivia
71%
Marshall Islands
71%
Saint Lucia
71%
Zambia
71%
Zimbabwe
71%
Kosovo
70%
Namibia
70%
Tanzania
70%
Kyrgyzstan
69%
Lesotho
69%
Senegal
69%
Uganda
69%
Gambia
68%
Macedonia
68%
Tajikistan
67%
Togo
67%
Benin
66%
Djibouti
66%
Madagascar
66%
Rwanda
66%
Comoros
65%
Grenada
65%
Mauritania
64%
Mozambique
64%
Swaziland
64%
Cape Verde
63%
Guinea-Bissau
63%
Central African Republic
62%
Somalia
61%
Equatorial Guinea
60%
Malawi
60%
Gabon
57%
Sao Tome and Principe
56%
Burkina Faso
50%
No matching quizzes found
Score Distribution
Percent of People with Each Score
Percentile by Number Answered
Your Score History
You have not taken this quiz